000 00282nam a2200121Ia 4500
008 190216s9999||||xx |||||||||||||| ||und||
100 _aZigel F
245 0 _aWonders Of The Night Sky
260 _bMir Publishers
_c1964
300 _a208p
650 _aEnglish General
942 _cBK
999 _c12025
_d12025